| 000 | 00767 a2200217 4500 | ||
|---|---|---|---|
| 001 | 3859 | ||
| 005 | 20260407155431.0 | ||
| 008 | 260407a1986 arg spa d | ||
| 003 | AR-UNSa-BCEJYS | ||
| 040 |
_aAR-UNSa-BCEJYS _bspa _cAR-UNSa-BCEJYS |
||
| 080 |
_a(038)34 _xDiccionario de Derecho |
||
| 245 | 1 | 0 | _aDiccionario JurÃdico Abeledo - Perrot |
| 020 | _a950-20-0391-8 | ||
| 264 | 1 |
_aBuenos Aires : _bAbeledo Perrot _c1986 |
|
| 300 |
_a3 v. (818, 649, 626) _c23 cm. |
||
| 505 | _aVol. 1: A-D Vol. 2: E-O Vol. 3: P-Z | ||
| 942 | _cBK | ||
| 590 | _aniveau_biblio:m niveau_hierar:0 | ||
| 100 | 1 | _aGarrone, José Alberto | |
| 856 | 4 | 1 |
_uhttps://t0.gstatic.com/images?q=tbn:ANd9GcT0sJh3T6AajKUiX9PZWlOItTGORcUh7GjdHqoRsId1qvlsVi7HF_SOVG0 _yImagen de portada _qimage/jpeg |
| 999 |
_c376 _d376 |
||